Latin OCR Vocab List AS Page 7 Quiz Stats

 Plays Quiz not verified by Sporcle

Challenge
Share
Tweet
Embed
Score 0/36 Timer 10:00
0 Plays Today
Latin English % Correct
equus, equihorse
100%
ergotherefore
100%
etiamalso
100%
familia, familiaefamily
100%
ferrum, ferriiron
100%
festino, festinare, festinavihurry
100%
fidelis, fidelis, fideletrustworthy
100%
fides, fideitrust
100%
fido, fidere, fisus sumtrust
100%
filius, filiison
100%
erro, errare, erravi, erratuswander
94.7%
etand
94.7%
excito, excitare, excitavi, excitatuswake
94.7%
exemplum, exempliexample
94.7%
exercitus, exercitusarmy
94.7%
exilium, exiliiexile
94.7%
exspecto, exspectare, exspectavi, exspectatuswait for
94.7%
extraoutside
94.7%
Latin English % Correct
facilis, facilis, facileeasy
94.7%
facio, facere, feci, factusmake
94.7%
faveo, favere, favifavour
94.7%
femina, feminaewoman
94.7%
fero, ferre, tuli, latusbear
94.7%
filia, filiaedaughter
94.7%
fio, fieri, factusbecome
94.7%
fama, famaefame
89.5%
felix, felicisfortunate
89.5%
ferox, ferocisfierce
89.5%
finis, finisend
89.5%
facinus, facinoriscrime
84.2%
fallo, fallere, fefelli, falsusdeceive
84.2%
etsialthough
73.7%
ergatowards
68.4%
excipio, excipere, excepi, exceptusreceive
68.4%
ferenearly
68.4%
exitium, exitiiruin
63.2%

You're not logged in!

Compare scores with friends on all Sporcle quizzes.
Join for Free
OR
Log In

You Might Also Like...

Show Comments

Extras

Top Quizzes Today


Score Distribution

Your Account Isn't Verified!

In order to create a playlist on Sporcle, you need to verify the email address you used during registration. Go to your Sporcle Settings to finish the process.

Report this User

Report this user for behavior that violates our Community Guidelines.

Details: